000
00203 a2200097 4500
001
11796
100
_a
Luard, E
245
_a
Peace and opinion
260
_a
_b
Oxford University
_c
090
_c
9052
_d
9052
942
_a
NUST-CAE
_c
35881
_c
M
999
_c
246869
_d
246869